Visualizzazione normale
Vista MARC
- Belletti Francesco, Rosas Adriana
di Personal Name
Records bibliografici associati: 1
001 - CONTROL NUMBER
- control field: 62575
003 - CONTROL NUMBER IDENTIFIER
- control field:
005 - DATE AND TIME OF LATEST TRANSACTION
- control field: 20250905125018.0
008 - FIXED-LENGTH DATA ELEMENTS
- fixed length control field: 250905|| aca||aabn | a|a d
040 ## - CATALOGING SOURCE
- Original cataloging agency:
- Transcribing agency:
100 ## - HEADING--PERSONAL NAME
- Personal name: Belletti Francesco, Rosas Adriana
670 ## - SOURCE DATA FOUND
- Source citation: Work cat.: ()209285: Belletti Francesco, Rosas Adriana, Famiglie fragili e resistenti., 2007